000 00562nam a22001937a 4500
999 _c58499
_d58499
005 20220428120155.0
008 220428s2015 enk||||| |||| 00| 0 eng d
020 _a9789351523697
041 _aeng
080 _a616-092 M-78
100 _aMohan, Harsh
_913691
245 _aTextbook of Pathology /
_cHarsh Mohan.
250 _aSeventh edition
264 _aNew Delhi,
_c2015.
300 _a954 p.:
_bill.
_c27 cm.
653 _aTextbook of Pathology
653 _aპათოლოგიის სახელმძღვანელო
942 _2udc
_cBK